000 00826nam a2200241 a 4500
001 48286
003 BD-RjUL
005 20211209054507.0
008 171224s1977 bg ||||| |||| 00| 0 eng d
035 _a(BD-RjUL)48405
040 _aBD-RjUL
_beng
_cBD-RjUL
041 _aeng
082 _223
_a759.95492
_bBAQ 1977
110 1 _aBangladesh Shilpakala Academy
_9219876
245 1 0 _aQayyum Chowdhury /
_cBangladesh Shilpakala Academy ; edited by Muhammad Sirajul Islam
260 _a[Dacca] :
_bBangladesh Shilpakala Academi,
_c1977.
300 _a[8], 23,[3] p. :
_bIll. ;
_c20 Cm.
490 _aContemporary Art series of Bangladsh ;
_v6
600 _aChowdhury, Qayyum,
_d1934-
_9219877
700 _aIslam, Muhammad Sirajul, ed.
_9219878
830 _aContemporary Art series of Bangladsh ;
_v6
_9219879
942 _2ddc
_cBK
999 _c48286
_d48286